[Event "NOR-ch"]
[Site "Sarpsborg"]
[Date "2018.07.13"]
[Round "8"]
[White "Gronn, Atle"]
[Black "Johannessen, Leif Erlend"]
[Result "1/2-1/2"]
[WhiteElo "2352"]
[BlackElo "2462"]
[PlyCount "63"]
[EventDate "2018.07.06"]
[EventType "swiss"]
[EventRounds "9"]
[EventCountry "NOR"]
[SourceTitle "CBM 185 Extra"]
[Source "ChessBase"]
[SourceDate "2018.07.29"]
[SourceVersion "1"]
[SourceVersionDate "2018.07.29"]
[SourceQuality "1"]

1. Nf3 c5 2. c4 Nc6 3. g3 g6 4. Bg2 Bg7 5. Nc3 d6 6. a3 e6 7. b4 Nge7 8. Rb1 0-0 9. 0-0 Rb8 10. e3 Nf5 11. Ne2 b6 12. Bb2 Bxb2 13. Rxb2 cxb4 14. axb4 b5 15. Qc2 a5 16. cxb5 Nxb4 17. Qa4 Bd7 18. Nc3 Qb6 19. Ra1 Bxb5 20. Qxa5 Qxa5 21. Rxa5 Bc6 22. e4 Ne7 23. Ra7 Nc8 24. Rc7 Ba8 25. Nd4 Na6 26. Rxb8 Nxc7 27. f4 Ne7 28. Rb6 Rd8 29. Ndb5 Nxb5 30. Nxb5 Bc6 31. Nc3 h5 32. Kf2 1/2-1/2

[Event "NOR-ch"]
[Site "Sarpsborg"]
[Date "2018.07.10"]
[Round "5"]
[White "Gronn, Atle"]
[Black "Tari, Aryan"]
[Result "0-1"]
[WhiteElo "2352"]
[BlackElo "2615"]
[PlyCount "78"]
[EventDate "2018.07.06"]
[EventType "swiss"]
[EventRounds "9"]
[EventCountry "NOR"]
[SourceTitle "CBM 185 Extra"]
[Source "ChessBase"]
[SourceDate "2018.07.29"]
[SourceVersion "1"]
[SourceVersionDate "2018.07.29"]
[SourceQuality "1"]

1. Nf3 c5 2. g3 g6 3. Bg2 Bg7 4. c3 e5 5. d4 cxd4 6. cxd4 e4 7. Ne5 d6 8. Qa4+ Kf8 9. Nc4 d5 10. Qa3+ Ne7 11. Nd6 Nbc6 12. e3 Qb6 13. Nxc8 Rxc8 14. Bd2 h5 15. 0-0 h4 16. Rc1 hxg3 17. hxg3 Kg8 18. Nc3 Bf8 19. Qb3 Qd8 20. Ne2 Qd7 21. Rc2 g5 22. Rac1 Kg7 23. Rc5 Rh6 24. Rb5 b6 25. a4 Qg4 26. Qd1 Qd7 27. Kf1 Ng8 28. Nc3 Nf6 29. Nxd5 Nxd5 30. Bxe4 Nce7 31. Rxc8 Qxc8 32. Qb3 f5 33. Rxd5 fxe4 34. Rxg5+ Ng6 35. Bc3 Be7 36. d5+ Kf8 37. Bb4 Rh1+ 38. Ke2 Qc1 39. Bxe7+ Nxe7 0-1

[Event "NOR-ch"]
[Site "Sarpsborg"]
[Date "2018.07.09"]
[Round "4"]
[White "Urkedal, Frode Olav Olsen"]
[Black "Gronn, Atle"]
[Result "1-0"]
[WhiteElo "2552"]
[BlackElo "2352"]
[PlyCount "63"]
[EventDate "2018.07.06"]
[EventType "swiss"]
[EventRounds "9"]
[EventCountry "NOR"]
[SourceTitle "CBM 185 Extra"]
[Source "ChessBase"]
[SourceDate "2018.07.29"]
[SourceVersion "1"]
[SourceVersionDate "2018.07.29"]
[SourceQuality "1"]

1. d4 g6 2. e4 Bg7 3. Nf3 d6 4. Bc4 Nf6 5. Qe2 0-0 6. 0-0 c6 7. Bb3 a5 8. a4 Qc7 9. e5 dxe5 10. dxe5 Nd5 11. Re1 Na6 12. Qc4 Bf5 13. Nc3 Rad8 14. Qh4 Nc5 15. Bxd5 cxd5 16. Nb5 Qd7 17. Bh6 Ne6 18. Nbd4 Nxd4 19. Nxd4 Rc8 20. Re3 Rc4 21. Bxg7 Kxg7 22. b3 Rc7 23. Rae1 Be6 24. f4 Rfc8 25. f5 Bxf5 26. e6 Bxe6 27. Rxe6 fxe6 28. Nxe6+ Kf7 29. Qxh7+ Kf6 30. Qg7+ Kf5 31. Qe5+ Kg4 32. Qg5# 1-0

[Event "Oslo Sveins op 11th"]
[Site "Oslo"]
[Date "2018.06.25"]
[Round "7"]
[White "Gronn, Atle"]
[Black "Chatalbashev, Boris"]
[Result "0-1"]
[WhiteElo "2347"]
[BlackElo "2550"]
[PlyCount "156"]
[EventDate "2018.06.22"]
[EventType "swiss"]
[EventRounds "9"]
[EventCountry "NOR"]
[SourceTitle "CBM 185 Extra"]
[Source "ChessBase"]
[SourceDate "2018.07.29"]
[SourceVersion "1"]
[SourceVersionDate "2018.07.29"]
[SourceQuality "1"]

1. Nf3 g6 2. e4 Bg7 3. d4 d6 4. Bc4 Nf6 5. Qe2 0-0 6. 0-0 c6 7. Bb3 a5 8. a3 a4 9. Ba2 d5 10. e5 Ne8 11. h3 Nc7 12. Rd1 Nd7 13. Nbd2 b5 14. Nf1 Nb6 15. Bd2 Nc4 16. Bxc4 dxc4 17. Ne3 f5 18. Bb4 f4 19. Nf1 Bf5 20. Kh2 Nd5 21. Nh4 f3 22. Nxf3 Nf4 23. Qd2 Nxg2 24. Qg5 Bxh3 25. Kxh3 Nf4+ 26. Kh2 Qd7 27. Qh4 Qd5 28. Ne1 g5 29. Qxg5 Rf6 30. Ne3 Qe6 31. Qxg7+ Kxg7 32. exf6+ Kxf6 33. Kg3 Ne2+ 34. Kf3 Ng1+ 35. Kg2 Rg8+ 36. Kf1 Qh3+ 37. N1g2 Nf3 38. Ke2 Rxg2 39. Nxg2 Qxg2 40. Bc3 Kf5 41. d5 Qg4 42. dxc6 Qe4+ 43. Kf1 Qxc6 44. Rd8 Nh2+ 45. Kg1 Nf3+ 46. Kf1 h5 47. Rad1 Nh2+ 48. Kg1 Nf3+ 49. Kf1 h4 50. Rh8 Nh2+ 51. Ke2 Qe4+ 52. Kd2 Qf4+ 53. Ke2 Qf3+ 54. Ke1 Qe4+ 55. Kd2 Ng4 56. Kc1 Nf6 57. Rd4 Qh1+ 58. Rd1 Qh2 59. Bxf6 exf6 60. Rd5+ Ke4 61. Rxb5 Qg1+ 62. Kd2 Qxf2+ 63. Kc3 Qd4+ 64. Kb4 Qxb2+ 65. Ka5 Qc3+ 66. Rb4 h3 67. Rh4+ Kd5 68. Kb5 Qxa3 69. Rbxc4 Qb2+ 70. Rb4 Qxc2 71. Rbd4+ Ke5 72. Rxa4 Qe2+ 73. Kc6 f5 74. Ra7 Qc2+ 75. Kb5 Qb3+ 76. Ka6 Qa2+ 77. Kb7 Qf7+ 78. Kb8 Qe8+ 0-1

[Event "Oslo Sveins op 11th"]
[Site "Oslo"]
[Date "2018.06.24"]
[Round "5"]
[White "Sjoberg, Isak"]
[Black "Gronn, Atle"]
[Result "1/2-1/2"]
[WhiteElo "2075"]
[BlackElo "2347"]
[PlyCount "70"]
[EventDate "2018.06.22"]
[EventType "swiss"]
[EventRounds "9"]
[EventCountry "NOR"]
[SourceTitle "CBM 185 Extra"]
[Source "ChessBase"]
[SourceDate "2018.07.29"]
[SourceVersion "1"]
[SourceVersionDate "2018.07.29"]
[SourceQuality "1"]

1. e4 d6 2. d4 Nf6 3. Nc3 g6 4. Nf3 Bg7 5. Bf4 0-0 6. Qd2 Bg4 7. 0-0-0 Nc6 8. Be2 Bxf3 9. Bxf3 e5 10. dxe5 dxe5 11. Bg5 Nd4 12. Nd5 c6 13. Nxf6+ Bxf6 14. Bh6 Re8 15. c3 Ne6 16. Qxd8 Bxd8 17. h4 Bb6 18. Rd2 Rad8 19. Rhd1 Rxd2 20. Rxd2 Rd8 21. Re2 Nc5 22. Bg5 Rd6 23. Be7 Nd3+ 24. Kc2 Rd7 25. Bg4 f5 26. exf5 Nxf2 27. Rxf2 Bxf2 28. f6 Rxe7 29. fxe7 Kf7 30. h5 Kxe7 31. hxg6 hxg6 32. Kd3 Kd6 33. Bf3 Ke6 34. Bg4+ Kf6 35. Bc8 b6 1/2-1/2

[Event "NOR-ch"]
[Site "Stavanger"]
[Date "2017.07.08"]
[Round "9"]
[White "Gronn, Atle"]
[Black "Haldorsen, Benjamin"]
[Result "1-0"]
[WhiteElo "2331"]
[BlackElo "2356"]
[PlyCount "89"]
[EventDate "2017.06.30"]
[EventType "swiss"]
[EventRounds "9"]
[EventCountry "NOR"]
[SourceTitle "CBM 179 Extra"]
[Source "ChessBase"]
[SourceDate "2017.08.23"]
[SourceVersion "1"]
[SourceVersionDate "2017.08.23"]
[SourceQuality "1"]

1. Nf3 d5 2. d4 Nf6 3. c4 dxc4 4. e3 a6 5. Bxc4 e6 6. 0-0 c5 7. dxc5 Bxc5 8. Qxd8+ Kxd8 9. Ne5 Ke7 10. Be2 Nbd7 11. Nd3 Bd6 12. Nd2 Rd8 13. Nc4 Bc7 14. b3 Ke8 15. Ba3 Nb6 16. Nxb6 Bxb6 17. Rfd1 Ne4 18. Rac1 Bd7 19. Bf3 Bc6 20. Rxc6 bxc6 21. Bxe4 Rac8 22. g4 c5 23. Rc1 g6 24. g5 Rd7 25. Ne5 Rdd8 26. Nc4 Ba7 27. Bb7 Rb8 28. Bxa6 Rd5 29. f4 Rbd8 30. Rc2 Rd1+ 31. Kg2 Re1 32. Bb5+ Kf8 33. Bb2 Rdd1 34. Be5 Rg1+ 35. Kf3 Rgf1+ 36. Rf2 Rxf2+ 37. Kxf2 Rh1 38. Kg2 Re1 39. a3 Rb1 40. Ba4 Ke7 41. Bc7 Rc1 42. Ne5 Rc2+ 43. Kg3 Rc1 44. Nc6+ Kd7 45. Ba5 1-0

[Event "NOR-ch"]
[Site "Stavanger"]
[Date "2017.07.01"]
[Round "2"]
[White "Gronn, Atle"]
[Black "Notkevich, Benjamin Arvola"]
[Result "0-1"]
[WhiteElo "2331"]
[BlackElo "2435"]
[PlyCount "98"]
[EventDate "2017.06.30"]
[EventType "swiss"]
[EventRounds "9"]
[EventCountry "NOR"]
[SourceTitle "CBM 179 Extra"]
[Source "ChessBase"]
[SourceDate "2017.08.23"]
[SourceVersion "1"]
[SourceVersionDate "2017.08.23"]
[SourceQuality "1"]

1. Nf3 Nf6 2. c4 c6 3. Nc3 d5 4. e3 Bg4 5. h3 Bxf3 6. Qxf3 e6 7. d4 Nbd7 8. Bd2 Bb4 9. Bd3 dxc4 10. Bxc4 e5 11. a3 exd4 12. exd4 Nb6 13. Ba2 Be7 14. 0-0 0-0 15. Rfe1 Qd7 16. Bf4 Nfd5 17. Be5 f6 18. Bg3 Rfe8 19. Ne4 Bf8 20. Nc5 Qf7 21. b4 Rad8 22. Rxe8 Rxe8 23. a4 a6 24. b5 axb5 25. axb5 Ra8 26. Kh2 f5 27. Be5 Nc4 28. bxc6 bxc6 29. Nd3 Ra3 30. Bxc4 Rxa1 31. Nf4 Ra3 32. Nxd5 Rxf3 33. Ne7+ Bxe7 34. Bxf7+ Kxf7 35. gxf3 Bf6 36. f4 Bh4 37. Kg2 g6 38. Kf3 Ke6 39. Ke3 Kd5 40. Bg7 Kc4 41. Be5 Be7 42. Bc7 Ba3 43. Be5 Bb2 44. f3 Bc3 45. Bc7 Bxd4+ 46. Kd2 Bf2 47. Bd8 Bg3 48. Bg5 Kb3 49. Ke3 c5 0-1

[Event "Oslo Sveins op 10th"]
[Site "Oslo"]
[Date "2017.06.25"]
[Round "5"]
[White "Gronn, Atle"]
[Black "Lund, Terje"]
[Result "1-0"]
[WhiteElo "2331"]
[BlackElo "2095"]
[PlyCount "95"]
[EventDate "2017.06.23"]
[EventType "swiss"]
[EventRounds "9"]
[EventCountry "NOR"]
[SourceTitle "CBM 179 Extra"]
[Source "ChessBase"]
[SourceDate "2017.08.23"]
[SourceVersion "1"]
[SourceVersionDate "2017.08.23"]
[SourceQuality "1"]

1. Nf3 Nf6 2. c4 g6 3. g3 Bg7 4. Bg2 0-0 5. d4 d6 6. 0-0 Nc6 7. d5 Na5 8. Nbd2 c5 9. Qc2 Bd7 10. Rb1 b5 11. b3 Rb8 12. Ba3 bxc4 13. bxc4 Qc7 14. h3 Rxb1 15. Rxb1 Rb8 16. e4 Rxb1+ 17. Qxb1 e5 18. Bf1 Ba4 19. Bd3 Qb6 20. Bb2 Bd7 21. Kg2 Nh5 22. Bc3 Nb7 23. Qb3 f5 24. Bc2 Nf6 25. exf5 gxf5 26. Nh4 f4 27. g4 Qc7 28. Qa3 Qc8 29. Nf5 Bf8 30. Qxa7 h5 31. f3 hxg4 32. hxg4 Nd8 33. Ne4 Nxe4 34. Bxe4 Nf7 35. Be1 Nh6 36. Nxh6+ Bxh6 37. Bh4 Bg7 38. Kf2 Bxg4 39. fxg4 Qxg4 40. Qb8+ Bf8 41. Qd8 Qd1 42. Qg5+ Bg7 43. Qg6 Qd2+ 44. Kg1 Qe3+ 45. Bf2 Qc1+ 46. Kg2 Qxc4 47. Qe6+ Kf8 48. Qxd6+ 1-0

[Event "Oslo Sveins op 10th"]
[Site "Oslo"]
[Date "2017.06.24"]
[Round "3"]
[White "Gronn, Atle"]
[Black "Getz, Nicolai"]
[Result "0-1"]
[WhiteElo "2331"]
[BlackElo "2391"]
[PlyCount "86"]
[EventDate "2017.06.23"]
[EventType "swiss"]
[EventRounds "9"]
[EventCountry "NOR"]
[SourceTitle "CBM 179 Extra"]
[Source "ChessBase"]
[SourceDate "2017.08.23"]
[SourceVersion "1"]
[SourceVersionDate "2017.08.23"]
[SourceQuality "1"]

1. Nf3 Nf6 2. c4 e6 3. g3 d5 4. Bg2 Be7 5. 0-0 0-0 6. d4 dxc4 7. Qc2 a6 8. a4 Bd7 9. Qxc4 Bc6 10. Bg5 a5 11. Nc3 Na6 12. Rfd1 Nb4 13. Rac1 Rc8 14. Ne5 Bxg2 15. Kxg2 c6 16. Bxf6 Bxf6 17. Ne4 b6 18. Nxf6+ gxf6 19. Ng4 h5 20. Ne3 f5 21. f4 Kg7 22. Kf3 Rh8 23. Ng2 Qf6 24. Qb3 Rhd8 25. e3 c5 26. dxc5 Rxd1 27. Qxd1 bxc5 28. Qe2 c4 29. Rxc4 Rxc4 30. Qxc4 Qxb2 31. Ne1 Nd5 32. Nc2 Qb7 33. Kf2 Nf6 34. Kg1 Qb1+ 35. Kg2 Ng4 36. Kf3 Qd1+ 37. Qe2 Nxh2+ 38. Kf2 Ng4+ 39. Kf3 Qd5+ 40. e4 Qb3+ 41. Ne3 fxe4+ 42. Kxe4 Nxe3 43. Qxe3 Qd5# 0-1

[Event "NOR-ch"]
[Site "Tromsoe"]
[Date "2016.07.15"]
[Round "8"]
[White "Gronn, Atle"]
[Black "Hole, Oystein"]
[Result "1/2-1/2"]
[WhiteElo "2327"]
[BlackElo "2332"]
[PlyCount "37"]
[EventDate "2016.07.09"]
[EventType "swiss"]
[EventRounds "9"]
[EventCountry "NOR"]
[SourceTitle "CBM 173 Extra"]
[Source "ChessBase"]
[SourceDate "2016.08.29"]
[SourceVersion "1"]
[SourceVersionDate "2016.08.29"]
[SourceQuality "1"]

1. Nf3 d5 2. g3 Nf6 3. Bg2 c6 4. d3 Bf5 5. Nh4 Bc8 6. 0-0 e5 7. c4 dxc4 8. dxc4 Qxd1 9. Rxd1 Be6 10. b3 Be7 11. Bb2 Nfd7 12. Nf3 f6 13. Nc3 Na6 14. Ne4 0-0-0 15. Ne1 Ndc5 16. Nxc5 Nxc5 17. Ba3 Rhe8 18. Rxd8+ Kxd8 19. Rd1+ 1/2-1/2

[Event "NOR-ch"]
[Site "Tromsoe"]
[Date "2016.07.11"]
[Round "4"]
[White "Gronn, Atle"]
[Black "Risting, Eivind Olav"]
[Result "1-0"]
[WhiteElo "2327"]
[BlackElo "2376"]
[PlyCount "109"]
[EventDate "2016.07.09"]
[EventType "swiss"]
[EventRounds "9"]
[EventCountry "NOR"]
[SourceTitle "CBM 173 Extra"]
[Source "ChessBase"]
[SourceDate "2016.08.29"]
[SourceVersion "1"]
[SourceVersionDate "2016.08.29"]
[SourceQuality "1"]

1. Nf3 Nf6 2. c4 e6 3. g3 d5 4. b3 b6 5. Bg2 Bb7 6. 0-0 Bd6 7. Bb2 0-0 8. Qc2 Qe7 9. Nc3 a6 10. Rac1 c5 11. cxd5 Nxd5 12. Nxd5 Bxd5 13. e4 Bb7 14. e5 Bc7 15. d4 Nd7 16. Ng5 Qxg5 17. Bxb7 Ra7 18. Bc6 Bb8 19. f4 Qe7 20. Ba3 Rc8 21. Qg2 a5 22. Rfd1 Rac7 23. Bb7 Rf8 24. Ba6 Ba7 25. Kh1 Qe8 26. Bb5 Qc8 27. Rc4 h6 28. Rc2 Nb8 29. dxc5 bxc5 30. Rd6 Nd7 31. Ba6 Qb8 32. h3 Nb6 33. Rxc5 Rxc5 34. Bxc5 Nd5 35. Rxd5 exd5 36. Bxf8 Qxf8 37. Qxd5 Qb4 38. Qd8+ Kh7 39. Qd3+ Kh8 40. Qd1 Qe4+ 41. Kh2 Bb6 42. Bc4 Qe3 43. h4 g6 44. Bxf7 Kg7 45. Bc4 h5 46. Qd5 Kh6 47. Qa8 Qg1+ 48. Kh3 Bd8 49. Qg2 Qe1 50. Qf1 Qe3 51. Qd1 Bb6 52. Qd6 Qc5 53. Qxc5 Bxc5 54. g4 Bf2 55. Be2 1-0

[Event "Oslo Sveins op 9th"]
[Site "Oslo"]
[Date "2016.06.24"]
[Round "4"]
[White "Al Tarbosh, Ward"]
[Black "Gronn, Atle"]
[Result "0-1"]
[WhiteElo "2104"]
[BlackElo "2327"]
[PlyCount "90"]
[EventDate "2016.06.24"]
[EventType "swiss"]
[EventRounds "9"]
[EventCountry "NOR"]
[SourceTitle "CBM 173 Extra"]
[Source "ChessBase"]
[SourceDate "2016.08.29"]
[SourceVersion "1"]
[SourceVersionDate "2016.08.29"]
[SourceQuality "1"]

1. e4 g6 2. d4 d6 3. Nf3 Bg7 4. c3 Nf6 5. Bd3 0-0 6. 0-0 Nc6 7. Re1 e5 8. Be3 Ng4 9. Bg5 f6 10. Bh4 h5 11. Bg3 Qe8 12. Nbd2 Nh6 13. Nf1 g5 14. h4 g4 15. N3h2 Kh8 16. Bb5 a6 17. Ba4 Qg6 18. Ne3 exd4 19. Nd5 Qf7 20. Bb3 Na5 21. Qxd4 Nxb3 22. axb3 f5 23. e5 Be6 24. Nf4 dxe5 25. Rxe5 Bxb3 26. Nd3 Bc4 27. Qe3 Bxd3 28. Qxd3 f4 29. Bxf4 Qxf4 30. Rxh5 Qxf2+ 31. Kh1 Qf7 32. Rg5 Rad8 33. Qg3 Qf4 34. Qxf4 Rxf4 35. Re1 Rd2 36. g3 Rff2 37. Nxg4 Nxg4 38. Rxg4 Rxb2 39. h5 Rfe2 40. Rd1 Rbd2 41. Rb1 Bxc3 42. Rh4 Bf6 43. Rh3 c5 44. g4 c4 45. Rg3 Rh2+ 0-1

[Event "NOR-ch"]
[Site "Oslo"]
[Date "2015.07.10"]
[Round "8"]
[White "Nilsen, Joachim Birger"]
[Black "Gronn, Atle"]
[Result "1/2-1/2"]
[WhiteElo "2369"]
[BlackElo "2341"]
[PlyCount "107"]
[EventDate "2015.07.04"]
[EventType "swiss"]
[EventRounds "9"]
[EventCountry "NOR"]
[SourceTitle "CBM 167 Extra"]
[Source "ChessBase"]
[SourceDate "2015.09.14"]
[SourceVersion "1"]
[SourceVersionDate "2015.09.14"]
[SourceQuality "1"]

1. c4 e6 2. Nf3 Nf6 3. g3 a6 4. Bg2 b5 5. Ne5 c6 6. d4 bxc4 7. Nxc4 d5 8. Ne5 Bd6 9. Nd3 Qb6 10. e3 a5 11. Nc3 Na6 12. 0-0 0-0 13. Re1 c5 14. Na4 Qa7 15. dxc5 Nxc5 16. Naxc5 Bxc5 17. Nxc5 Qxc5 18. b3 Ba6 19. Bb2 Ne4 20. Qg4 g6 21. Bxe4 dxe4 22. Qxe4 Rad8 23. Rac1 Qd5 24. Qxd5 Rxd5 25. Red1 Rxd1+ 26. Rxd1 Bb5 27. Rc1 Ra8 28. Rc5 Be2 29. Kg2 Kf8 30. Rc7 g5 31. f3 g4 32. fxg4 Bxg4 33. Bf6 h5 34. Kf2 Kg8 35. Bc3 Bf5 36. Rc4 Bb1 37. a3 Rb8 38. b4 axb4 39. Rxb4 Rxb4 40. axb4 Kf8 41. b5 Be4 42. Bf6 Ke8 43. Ke2 Kd7 44. Be5 Bg2 45. Kd2 Bf1 46. b6 Kc6 47. Bc7 Bg2 48. Kc3 Kc5 49. Kd3 f5 50. Bd8 Be4+ 51. Kc3 Bd5 52. Bc7 Be4 53. Kb3 Bc6 54. Kc3 1/2-1/2

[Event "NOR-ch"]
[Site "Trondheim"]
[Date "2014.07.19"]
[Round "9"]
[White "Gronn, Atle"]
[Black "Holm, Kristian Stuvik"]
[Result "1/2-1/2"]
[WhiteElo "2368"]
[BlackElo "2316"]
[PlyCount "30"]
[EventDate "2014.07.12"]
[EventType "swiss"]
[EventRounds "9"]
[EventCountry "NOR"]
[SourceTitle "EXT 2015"]
[Source "ChessBase"]
[SourceDate "2014.11.20"]
[SourceVersion "1"]
[SourceVersionDate "2014.11.20"]
[SourceQuality "1"]

1. Nf3 Nf6 2. b3 g6 3. Bb2 Bg7 4. c4 0-0 5. g3 c5 6. Bg2 Nc6 7. 0-0 d6 8. e3 Bg4 9. h3 Bd7 10. d4 cxd4 11. Nxd4 Nxd4 12. Qxd4 Bc6 13. Rd1 Bxg2 14. Kxg2 Qc8 15. Nc3 Qc6+ 1/2-1/2

[Event "NOR-ch"]
[Site "Trondheim"]
[Date "2014.07.18"]
[Round "8"]
[White "Mikalsen, Erlend"]
[Black "Gronn, Atle"]
[Result "1-0"]
[WhiteElo "2128"]
[BlackElo "2368"]
[PlyCount "91"]
[EventDate "2014.07.12"]
[EventType "swiss"]
[EventRounds "9"]
[EventCountry "NOR"]
[SourceTitle "EXT 2015"]
[Source "ChessBase"]
[SourceDate "2014.11.20"]
[SourceVersion "1"]
[SourceVersionDate "2014.11.20"]
[SourceQuality "1"]

1. e4 g6 2. d4 Bg7 3. Nc3 d6 4. Nf3 a6 5. Be3 Nd7 6. Bc4 e6 7. a4 b6 8. 0-0 Bb7 9. Ng5 h6 10. Nxf7 Kxf7 11. f4 Ngf6 12. f5 gxf5 13. exf5 d5 14. fxe6+ Kxe6 15. Qf3 c6 16. Qf5+ Ke7 17. Rae1 Qf8 18. Bd3 Kd8 19. Ne2 Bc8 20. Qe6 Kc7 21. c4 Kb7 22. cxd5 cxd5 23. Rc1 Nc5 24. Qe5 Qe8 25. Qf4 Ne6 26. Qd6 Qd7 27. Qb4 Re8 28. Nf4 Nd8 29. a5 b5 30. Qc5 Qc6 31. Qa3 Qd7 32. Qc5 Rb8 33. Bf2 Bf8 34. Qb6+ Ka8 35. Qxf6 Bb4 36. Rxc8 Qxc8 37. Nxd5 Bxa5 38. b4 Bc7 39. Nxc7+ Qxc7 40. Qxa6+ Qa7 41. Qxh6 Re6 42. Qf4 Qe7 43. Ra1+ Kb7 44. d5 Qf6 45. Ra7+ Kc8 46. Rc7# 1-0

[Event "NOR-ch"]
[Site "Trondheim"]
[Date "2014.07.15"]
[Round "5"]
[White "Elsness, Frode"]
[Black "Gronn, Atle"]
[Result "1/2-1/2"]
[WhiteElo "2489"]
[BlackElo "2368"]
[PlyCount "89"]
[EventDate "2014.07.12"]
[EventType "swiss"]
[EventRounds "9"]
[EventCountry "NOR"]
[SourceTitle "EXT 2015"]
[Source "ChessBase"]
[SourceDate "2014.11.20"]
[SourceVersion "1"]
[SourceVersionDate "2014.11.20"]
[SourceQuality "1"]

1. d4 e6 2. c4 Bb4+ 3. Bd2 a5 4. g3 f5 5. Bg2 Nf6 6. Nf3 0-0 7. 0-0 Bxd2 8. Nbxd2 Kh8 9. Qc2 Nc6 10. e4 Nb4 11. Qb1 fxe4 12. Nxe4 Nxe4 13. Qxe4 d5 14. Qe2 dxc4 15. Qxc4 b5 16. Qc5 Bb7 17. Ne5 Bxg2 18. Kxg2 Qd5+ 19. Qxd5 Nxd5 20. Rac1 Kg8 21. Rfe1 Ra6 22. Nc6 Kf7 23. a3 Kf6 24. Rc5 Rfa8 25. Ne5 b4 26. a4 Rd6 27. Nc4 Rda6 28. b3 R8a7 29. Ne5 Ne7 30. Re4 Rd6 31. Rf4+ Nf5 32. Nc4 g5 33. Nxd6 cxd6 34. Rfxf5+ exf5 35. Rb5 h6 36. Kf1 Ke6 37. Ke2 Rc7 38. Rxa5 Rc2+ 39. Ke1 Rb2 40. Rb5 Rxb3 41. Ke2 Rb2+ 42. Ke3 Rb3+ 43. Ke2 Rb2+ 44. Ke3 Rb3+ 45. Ke2 1/2-1/2

[Event "NOR-ch"]
[Site "Trondheim"]
[Date "2014.07.14"]
[Round "3"]
[White "Gronn, Atle"]
[Black "Fossan, Petter"]
[Result "0-1"]
[WhiteElo "2368"]
[BlackElo "2257"]
[PlyCount "80"]
[EventDate "2014.07.12"]
[EventType "swiss"]
[EventRounds "9"]
[EventCountry "NOR"]
[SourceTitle "EXT 2015"]
[Source "ChessBase"]
[SourceDate "2014.11.20"]
[SourceVersion "1"]
[SourceVersionDate "2014.11.20"]
[SourceQuality "1"]

1. Nf3 g6 2. d4 Bg7 3. e4 c5 4. d5 d6 5. a4 Nf6 6. Bb5+ Bd7 7. Nc3 0-0 8. 0-0 Bg4 9. Re1 Nbd7 10. h3 Bxf3 11. Qxf3 a6 12. Bf1 Ne8 13. a5 Nc7 14. Bd2 e6 15. Red1 exd5 16. Nxd5 Nxd5 17. exd5 Re8 18. Ra4 Qf6 19. Qb3 Rab8 20. Bc1 h5 21. Qg3 Qe7 22. c3 Kh7 23. Bd2 Qf8 24. Raa1 Bh6 25. f4 f5 26. Qf3 Nf6 27. Be3 Qf7 28. Bc4 Re7 29. b3 Ne4 30. Rd3 Bg7 31. Rc1 h4 32. Kh2 Bf6 33. Rc2 Rc8 34. Bc1 Qg7 35. Re3 Rce8 36. Bf1 Ng3 37. Rxe7 Qxe7 38. Bb2 Qe1 39. Kg1 Qb1 40. Rf2 Nxf1 0-1

[Event "Oslo Vederhus Memorial op"]
[Site "Oslo"]
[Date "2013.09.29"]
[Round "7"]
[White "Donchenko, Alexander"]
[Black "Gronn, Atle"]
[Result "1/2-1/2"]
[WhiteElo "2467"]
[BlackElo "2372"]
[PlyCount "60"]
[EventDate "2013.09.29"]
[EventType "swiss"]
[EventRounds "9"]
[EventCountry "NOR"]
[SourceTitle "CBM 156 Extra"]
[Source "ChessBase"]
[SourceDate "2013.10.22"]
[SourceVersion "1"]
[SourceVersionDate "2013.10.22"]
[SourceQuality "1"]

1. c4 c6 2. Nf3 Nf6 3. g3 d5 4. Bg2 g6 5. b3 Bg7 6. Bb2 0-0 7. 0-0 a5 8. Nc3 Na6 9. d4 Bf5 10. cxd5 cxd5 11. Ne5 Ne4 12. Nxe4 Bxe4 13. Bh3 Bf5 14. Bxf5 gxf5 15. Qd2 Nc7 16. Nd3 Nb5 17. Qf4 a4 18. Rfc1 a3 19. Bc3 Rc8 20. Bb4 Nxd4 21. Kf1 Nc2 22. Rab1 Rc6 23. Bc5 e5 24. Qxf5 Qc8 25. Qxc8 Rfxc8 26. Rxc2 e4 27. Rd2 Bc3 28. Rc2 Bf6 29. Rd2 Bc3 30. Rc2 Bf6 1/2-1/2

[Event "NOR-ch"]
[Site "Lillehammer"]
[Date "2013.07.04"]
[Round "7"]
[White "Johannessen, Leif Erlend"]
[Black "Gronn, Atle"]
[Result "1-0"]
[WhiteElo "2520"]
[BlackElo "2368"]
[PlyCount "37"]
[EventDate "2013.06.29"]
[EventType "swiss"]
[EventRounds "9"]
[EventCountry "NOR"]
[SourceTitle "CBM 155 Extra"]
[Source "ChessBase"]
[SourceDate "2013.08.26"]
[SourceVersion "1"]
[SourceVersionDate "2013.08.26"]
[SourceQuality "1"]

1. e4 d6 2. d4 Nf6 3. Nc3 e5 4. Nf3 Nbd7 5. Bc4 Be7 6. 0-0 0-0 7. Re1 c6 8. a4 b6 9. Ba2 Bb7 10. Bg5 h6 11. Be3 Ng4 12. Bc1 Kh7 13. Ne2 f5 14. exf5 e4 15. Nf4 exf3 16. Qxf3 Ngf6 17. Qg3 Re8 18. Ne6 Bf8 19. Ng5+ 1-0

[Event "NOR-ch"]
[Site "Lillehammer"]
[Date "2013.07.01"]
[Round "3"]
[White "Gronn, Atle"]
[Black "Elsness, Frode"]
[Result "1-0"]
[WhiteElo "2368"]
[BlackElo "2494"]
[PlyCount "119"]
[EventDate "2013.06.29"]
[EventType "swiss"]
[EventRounds "9"]
[EventCountry "NOR"]
[SourceTitle "CBM 155 Extra"]
[Source "ChessBase"]
[SourceDate "2013.08.26"]
[SourceVersion "1"]
[SourceVersionDate "2013.08.26"]
[SourceQuality "1"]

1. Nf3 c5 2. c4 Nc6 3. Nc3 g6 4. e3 Nf6 5. d4 cxd4 6. exd4 d5 7. cxd5 Nxd5 8. Qb3 Nxc3 9. Bc4 Nd5 10. Bxd5 e6 11. Bxc6+ bxc6 12. 0-0 Qd5 13. Bf4 f6 14. Rfc1 Be7 15. Rc3 Bd7 16. Rac1 Kf7 17. Qxd5 cxd5 18. Rc7 Rhd8 19. h4 h5 20. Nd2 Ke8 21. Nb3 Rdc8 22. Nc5 Rxc7 23. Bxc7 Rc8 24. Bf4 e5 25. Nxd7 Rxc1+ 26. Bxc1 Kxd7 27. Be3 e4 28. f3 exf3 29. gxf3 Ke6 30. Kg2 Kf5 31. Bd2 Bd8 32. a4 Bb6 33. Bc3 a6 34. b4 g5 35. hxg5 fxg5 36. Kg3 Bc7+ 37. Kg2 g4 38. b5 a5 39. Be1 Bb6 40. Bg3 Bxd4 41. Bc7 Bc3 42. b6 Bd4 43. b7 gxf3+ 44. Kxf3 Ba7 45. Bxa5 Ke6 46. Bb6 Bb8 47. a5 Kd7 48. a6 Kc6 49. Bd4 Bd6 50. Kg2 h4 51. Kh3 Bg3 52. Bf2 Be5 53. Kxh4 Bb8 54. Kg4 Kc7 55. Kf5 Kc6 56. Ke6 Bd6 57. Bd4 Bb8 58. Ke7 Bc7 59. Ke8 Bb8 60. Kd8 1-0

[Event "NOR-ch"]
[Site "Lillehammer"]
[Date "2013.06.29"]
[Round "1"]
[White "Gronn, Atle"]
[Black "Kvisla, Johannes Luangtep"]
[Result "1-0"]
[WhiteElo "2368"]
[BlackElo "2175"]
[PlyCount "107"]
[EventDate "2013.06.29"]
[EventType "swiss"]
[EventRounds "9"]
[EventCountry "NOR"]
[SourceTitle "CBM 155 Extra"]
[Source "ChessBase"]
[SourceDate "2013.08.26"]
[SourceVersion "1"]
[SourceVersionDate "2013.08.26"]
[SourceQuality "1"]

1. c4 e6 2. g3 d5 3. Bg2 Nf6 4. Nf3 dxc4 5. Qa4+ Nbd7 6. 0-0 a6 7. Qxc4 b5 8. Qc2 Bb7 9. d3 c5 10. b3 Be7 11. Bb2 0-0 12. Nbd2 Qb6 13. Rac1 Rac8 14. Qb1 Rfd8 15. Qa1 Ne8 16. a3 Bf6 17. Rc2 Bxb2 18. Qxb2 Rc7 19. Rfc1 Rdc8 20. Ne5 Nxe5 21. Qxe5 Bxg2 22. Kxg2 f6 23. Qe3 Qb7+ 24. f3 Qd5 25. Ne4 Qxb3 26. Rxc5 Rxc5 27. Nxc5 Qa2 28. Ra1 Qd5 29. Nxa6 Ra8 30. Nb4 Qb3 31. Qe4 Nc7 32. Rc1 Ra7 33. Qd4 Qxa3 34. Qd8+ Kf7 35. Rxc7+ Rxc7 36. Qxc7+ Kg6 37. Qc5 Qb2 38. Kf2 Qa1 39. g4 e5 40. h4 Qh1 41. h5+ Kg5 42. Nc2 Kh4 43. Qxb5 Kh3 44. Qc4 Kh2 45. Ke3 Qc1+ 46. Ke4 Qd2 47. Ne3 Qxe2 48. Qc2 Qxc2 49. Nxc2 Kg3 50. Ne3 g6 51. Nd5 f5+ 52. gxf5 gxf5+ 53. Kxe5 Kxf3 54. Kxf5 1-0